Imagine that! : how Dr. Seuss wrote the cat in the hat
| Main Author: | |
|---|---|
| Other Authors: | |
| Format: | Book |
| Published: |
New York :
Random House Inc. ,
2017
|
| Subjects: |
MARC
| LEADER | 00000cam a2200000 7i4500 | ||
|---|---|---|---|
| 001 | 0000218708 | ||
| 005 | 20180416.0 | ||
| 020 | |a 9780553510973 | ||
| 090 | 0 | 0 | |a JF |b SIE |
| 100 | 1 | |a Sierra, Judy | |
| 245 | 1 | 0 | |a Imagine that! : |b how Dr. Seuss wrote the cat in the hat |c Judy Sierra ; illustrated by Kevin Hawkes |
| 260 | |a New York : |b Random House Inc. , |c 2017 | ||
| 300 | |a 1 v. (unpaged) : |b ill. ; |c 29cm. | ||
| 650 | 0 | |a Children's stories | |
| 700 | 1 | |a Hawkes, Kevin | |
| 999 | |a 00352490 |b BUKU |c PINJAMAN |e PERPUSTAKAAN KOMUNITI PETALING JAYA | ||